Sueldos y salarios : guía fiscal y de seguridad social /

Bewaard in:
Bibliografische gegevens
Hoofdauteur: Pérez Chávez, José (autor.)
Andere auteurs: Fol Olguín, Raymundo (autor.)
Formaat: E-boek
Taal:Spaans
Gepubliceerd in: Ciudad de México : Tax Editores Unidos, 2025.
Editie:Primera edición.
Onderwerpen:
Online toegang:https://elibro.unach.elogim.com/es/lc/unach/titulos/286131
Tags: Voeg label toe
Geen labels, Wees de eerste die dit record labelt!

MARC

LEADER 00000nam a2200000 i 4500
001 ELB286131
003 FINmELB
005 20250915132030.5
006 m o d |
007 cr cnu||||||||
008 250914s2025 mx o 000 0 spa d
020 |z 9786075880167 
020 |a 9786075880440  |q (ebook) 
035 |a (OCoLC)1538593708 
040 |a FINmELB  |b spa  |e rda  |c FINmELB 
050 4 |a HD4981  |b .P749 2025 
080 |a 331.2 
082 0 4 |a 331.2/972  |2 23 
100 1 |a Pérez Chávez, José,  |e autor. 
245 1 0 |a Sueldos y salarios :  |b guía fiscal y de seguridad social /  |c José Pérez Chávez, Raymundo Fol Olguín. 
250 |a Primera edición. 
264 1 |a Ciudad de México :  |b Tax Editores Unidos,  |c 2025. 
300 |a 1 recurso en línea 
336 |a texto  |b txt  |2 rdacontent/spa 
337 |a computadora  |b c  |2 rdamedia/spa 
338 |a recurso en línea  |b cr  |2 rdacarrier/spa 
588 |a Descripción basada en metadatos suministrados por el editor y otras fuentes. 
590 |a Recurso electrónico. Santa Fe, Arg.: elibro, 2025. Disponible vía World Wide Web. El acceso puede estar limitado para las bibliotecas afiliadas a elibro. 
650 4 |a Impuestos. 
650 4 |a Seguridad social. 
650 4 |a Salarios. 
655 4 |a Libros electrónicos. 
700 1 |a Fol Olguín, Raymundo,  |e autor. 
797 2 |a elibro, Corp. 
856 4 0 |u https://elibro.unach.elogim.com/es/lc/unach/titulos/286131